[Event "BRA pre olympic (Women) 7th"]
[Site "Sao Paulo"]
[Date "2012.12.17"]
[Round "3.2"]
[White "Delai, Paula Fernanda"]
[Black "Chaves, Joara"]
[Result "0-1"]
[WhiteElo "2022"]
[BlackElo "1999"]
[PlyCount "96"]
[EventDate "2011.12.16"]
[EventType "swiss"]
[EventRounds "5"]
[EventCountry "BRA"]
[SourceTitle "EXT 2022"]
[Source "ChessBase"]
[SourceDate "2021.10.06"]
[SourceVersion "1"]
[SourceVersionDate "2021.10.06"]
[SourceQuality "1"]

1. e4 e5 2. Nf3 Nc6 3. Bc4 Bc5 4. c3 Nf6 5. d4 exd4 6. cxd4 Bb4+ 7. Nc3 Nxe4 8. 0-0 Bxc3 9. d5 Bf6 10. Re1 Ne7 11. Rxe4 d6 12. g4 0-0 13. g5 Be5 14. Nxe5 dxe5 15. Rxe5 Ng6 16. Re1 Bh3 17. Qd4 Qd7 18. Bd2 c5 19. Qe4 Rfe8 20. Qf3 Ne5 21. Qf4 Qg4+ 22. Qxg4 Bxg4 23. Be2 Bxe2 24. Rxe2 Nf3+ 25. Kf1 Nxh2+ 26. Ke1 Nf3+ 27. Kd1 Rxe2 28. Kxe2 Nxd2 29. Kxd2 Rd8 30. Re1 Rxd5+ 31. Kc3 Kf8 32. f4 Rd4 33. f5 Rg4 34. Rh1 Rxg5 35. Rxh7 Kg8 36. Rh3 Rxf5 37. Rd3 g5 38. Rd7 g4 39. Rd1 Rf4 40. Rg1 f5 41. Kd3 Kf7 42. Ke3 Rf3+ 43. Ke2 c4 44. Rd1 Rd3 45. Rc1 b5 46. b3 Rd4 47. Ke3 Re4+ 48. Kf2 Kf6 0-1

[Event "BRA-ch (Women)"]
[Site "Sao Jose do Rio Preto"]
[Date "2012.03.24"]
[Round "4"]
[White "Ribeiro, Regina"]
[Black "Delai, Paula Fernanda"]
[Result "0-1"]
[WhiteElo "2020"]
[BlackElo "1982"]
[PlyCount "80"]
[EventDate "2012.03.22"]
[EventType "swiss"]
[EventRounds "7"]
[EventCountry "BRA"]
[SourceTitle "CBM 147 Extra"]
[Source "ChessBase"]
[SourceDate "2012.04.24"]
[SourceVersion "1"]
[SourceVersionDate "2012.04.24"]
[SourceQuality "1"]

1. d4 g6 2. e4 Bg7 3. Nc3 d6 4. Be3 Nf6 5. Be2 c6 6. h3 0-0 7. Nf3 Qa5 8. 0-0 Nbd7 9. Nd2 b5 10. a3 Bb7 11. f4 c5 12. dxc5 dxc5 13. f5 a6 14. g4 Ne8 15. Nb3 Qc7 16. Nxc5 Nxc5 17. Bxc5 Rd8 18. Qe1 Nd6 19. f6 Bh6 20. Qh4 Bf4 21. g5 Kh8 22. Rad1 Rg8 23. Rf3 Bc8 24. Rfd3 Nb7 25. Bxe7 Rxd3 26. Rxd3 Qb6+ 27. Kg2 Nc5 28. Qf2 Nb7 29. Qh4 Nc5 30. Bxc5 Qxc5 31. Bg4 Re8 32. Bxc8 Rxc8 33. Rd7 Kg8 34. Qg4 Re8 35. h4 a5 36. h5 b4 37. hxg6 hxg6 38. axb4 axb4 39. Rd3 bxc3 40. Rxc3 Qd4 0-1

[Event "BRA-ch (Women)"]
[Site "Sao Jose do Rio Preto"]
[Date "2012.03.23"]
[Round "3"]
[White "Delai, Paula Fernanda"]
[Black "Guimaraes, Artemis Pamela"]
[Result "1/2-1/2"]
[WhiteElo "1982"]
[BlackElo "2037"]
[PlyCount "92"]
[EventDate "2012.03.22"]
[EventType "swiss"]
[EventRounds "7"]
[EventCountry "BRA"]
[SourceTitle "CBM 147 Extra"]
[Source "ChessBase"]
[SourceDate "2012.04.24"]
[SourceVersion "1"]
[SourceVersionDate "2012.04.24"]
[SourceQuality "1"]

1. e4 e5 2. Nf3 Nc6 3. Bc4 Nf6 4. d3 Be7 5. 0-0 0-0 6. Re1 d6 7. c3 Na5 8. Bb5 a6 9. Ba4 b5 10. Bc2 c5 11. Nbd2 Nc6 12. Nf1 h6 13. Ng3 Re8 14. h3 Bf8 15. d4 cxd4 16. cxd4 Bb7 17. d5 Nb4 18. Bb1 a5 19. Qe2 Qd7 20. Be3 Rec8 21. a3 Na6 22. Bd3 b4 23. Bb6 Nc7 24. axb4 axb4 25. Rec1 Ba6 26. Bxa6 Nxa6 27. Rc6 Qb7 28. Rxc8 Qxc8 29. Qb5 Nd7 30. Be3 Ndc5 31. Bxc5 Nxc5 32. Rxa8 Qxa8 33. Qxb4 Qa1+ 34. Kh2 Nd3 35. Qa3 Qb1 36. Nd2 Qc2 37. Qc3 Qxc3 38. bxc3 Nxf2 39. Kg1 Nd3 40. Kf1 g6 41. Ke2 Nc5 42. Ngf1 Be7 43. g4 Bg5 44. Kf3 Kf8 45. Nc4 Ke7 46. Nfe3 Na4 1/2-1/2

[Event "BRA pre olympic (Women) 6th"]
[Site "Sao Paulo"]
[Date "2011.10.15"]
[Round "4"]
[White "Chang, Suzana"]
[Black "Delai, Paula Fernanda"]
[Result "1/2-1/2"]
[WhiteElo "2001"]
[BlackElo "2026"]
[PlyCount "21"]
[EventDate "2011.10.14"]
[EventType "swiss"]
[EventRounds "6"]
[EventCountry "BRA"]
[SourceTitle "EXT 2014"]
[Source "ChessBase"]
[SourceDate "2013.11.20"]
[SourceVersion "1"]
[SourceVersionDate "2013.11.20"]
[SourceQuality "1"]

1. d4 d5 2. c4 e6 3. cxd5 exd5 4. Nc3 Nf6 5. Bg5 Be7 6. e3 c6 7. Nf3 Bf5 8. Bd3 Bxd3 9. Qxd3 0-0 10. 0-0 Nbd7 11. Rab1 1/2-1/2

[Event "Registro Preolimpic (Women) 4th"]
[Site "Registro"]
[Date "2011.07.29"]
[Round "3.5"]
[White "Nunes, Agatha Hurba"]
[Black "Delai, Paula Fernanda"]
[Result "0-1"]
[WhiteElo "1636"]
[BlackElo "2042"]
[PlyCount "52"]
[EventDate "2011.07.29"]
[EventType "swiss"]
[EventRounds "6"]
[EventCountry "BRA"]
[SourceTitle "EXT 2022"]
[Source "ChessBase"]
[SourceDate "2021.10.06"]
[SourceVersion "1"]
[SourceVersionDate "2021.10.06"]
[SourceQuality "1"]

1. d4 Nf6 2. c4 g6 3. Nc3 Bg7 4. Nf3 d6 5. Bf4 0-0 6. e3 Re8 7. Be2 Nfd7 8. 0-0 e5 9. Bg3 e4 10. Nd2 f5 11. Qb3 Kh8 12. Rfd1 Nc6 13. Nd5 Nb6 14. Nxb6 axb6 15. Qc3 Qf6 16. Nb1 g5 17. f4 exf3 18. Bxf3 g4 19. Bd5 Ne7 20. Qb3 c6 21. Bxc6 bxc6 22. Qxb6 Qe6 23. Bf4 d5 24. c5 Ng6 25. Qb3 Nxf4 26. exf4 Bxd4+ 0-1

[Event "Registro Preolimpic (Women) 4th"]
[Site "Registro"]
[Date "2011.07.29"]
[Round "1.2"]
[White "Tamarozi, Isabelle"]
[Black "Delai, Paula Fernanda"]
[Result "0-1"]
[WhiteElo "1714"]
[BlackElo "2042"]
[PlyCount "52"]
[EventDate "2011.07.29"]
[EventType "swiss"]
[EventRounds "6"]
[EventCountry "BRA"]
[SourceTitle "EXT 2022"]
[Source "ChessBase"]
[SourceDate "2021.10.06"]
[SourceVersion "1"]
[SourceVersionDate "2021.10.06"]
[SourceQuality "1"]

1. e4 c5 2. Nf3 g6 3. d4 Bg7 4. Nc3 cxd4 5. Nxd4 Nc6 6. Be3 Nf6 7. f3 0-0 8. Qd2 d5 9. Nxc6 bxc6 10. 0-0-0 Be6 11. exd5 cxd5 12. h4 Qa5 13. h5 Rfc8 14. hxg6 hxg6 15. Bh6 Bh8 16. Bg5 d4 17. Rxh8+ Kxh8 18. Bxf6+ exf6 19. Qxd4 Kg7 20. Ne4 Qe5 21. Ba6 Rd8 22. Qxd8 Rxd8 23. Rxd8 Qa5 24. Rd6 Qxa2 25. Nc5 Qa1+ 26. Kd2 Qa5+ 0-1

[Event "BRA-ch (Women)"]
[Site "Balneario Camboriu"]
[Date "2011.07.10"]
[Round "6"]
[White "Flores, Janine"]
[Black "Delai, Paula Fernanda"]
[Result "1-0"]
[WhiteElo "1973"]
[BlackElo "2030"]
[PlyCount "85"]
[EventDate "2011.07.07"]
[EventType "swiss"]
[EventRounds "7"]
[EventCountry "BRA"]
[SourceTitle "EXT 2012"]
[Source "ChessBase"]
[SourceDate "2011.11.24"]
[SourceVersion "1"]
[SourceVersionDate "2011.11.24"]
[SourceQuality "1"]

1. e4 c5 2. Nf3 g6 3. d4 Bg7 4. Nc3 cxd4 5. Nxd4 Nc6 6. Be3 Nf6 7. Bc4 Qa5 8. f3 Qb4 9. Nxc6 bxc6 10. Bb3 d6 11. 0-0 Ba6 12. Re1 Nd7 13. a3 Qa5 14. Bd4 0-0 15. Bxg7 Kxg7 16. Qd4+ Kg8 17. Kh1 Qb6 18. Rad1 Rab8 19. Na4 Qxd4 20. Rxd4 c5 21. Rd2 Nb6 22. Nc3 Bc4 23. Ba4 Nxa4 24. Nxa4 Be6 25. b3 Rfc8 26. Nc3 c4 27. b4 Rb6 28. e5 dxe5 29. Rxe5 f6 30. Ra5 Rb7 31. Ne4 Bf5 32. g4 c3 33. Re2 Bd7 34. Nc5 Rbc7 35. Rxe7 Bc6 36. Re3 Rd8 37. Rxc3 Re7 38. Kg1 Rd2 39. Nd3 Bxf3 40. g5 Rg2+ 41. Kf1 fxg5 42. Ne1 g4 43. Nxg2 1-0

[Event "Maringa op"]
[Site "Maringa"]
[Date "2011.07.03"]
[Round "7"]
[White "Dias, Anderson Tatsch"]
[Black "Delai, Paula Fernanda"]
[Result "0-1"]
[WhiteElo "2216"]
[BlackElo "2030"]
[PlyCount "82"]
[EventDate "2011.06.30"]
[EventType "swiss"]
[EventRounds "7"]
[EventCountry "BRA"]
[SourceTitle "EXT 2014"]
[Source "ChessBase"]
[SourceDate "2013.11.20"]
[SourceVersion "1"]
[SourceVersionDate "2013.11.20"]
[SourceQuality "1"]

1. d4 Nf6 2. c4 g6 3. Nc3 Bg7 4. e4 d6 5. f3 0-0 6. Be3 e5 7. d5 c6 8. Bd3 cxd5 9. cxd5 Nh5 10. Nge2 f5 11. exf5 gxf5 12. Qd2 Nd7 13. 0-0 Nc5 14. Bc2 a5 15. f4 e4 16. Bd4 Nf6 17. Nd1 Bd7 18. Ne3 Ne8 19. Bxg7 Nxg7 20. Nd4 Rf6 21. Rad1 Rh6 22. Qf2 Qe7 23. Rfe1 Rf8 24. Nc4 a4 25. Re3 b5 26. Na5 Qf7 27. Nac6 Bxc6 28. Nxc6 Rg6 29. Qh4 Re8 30. Rh3 h6 31. Qf2 Qf6 32. Bb1 Rg4 33. Kh1 h5 34. Rc3 h4 35. h3 Rg6 36. Qe2 Kh7 37. Kh2 Kh6 38. Qxb5 Nh5 39. Qf1 Reg8 40. Rd2 Kh7 41. b4 Qxc3 0-1

[Event "Araruama zt 2.4 (Women)"]
[Site "Araruama"]
[Date "2011.06.23"]
[Round "10"]
[White "Heinrichs, Vivian"]
[Black "Delai, Paula Fernanda"]
[Result "0-1"]
[WhiteElo "1918"]
[BlackElo "2030"]
[PlyCount "116"]
[EventDate "2011.06.18"]
[EventType "tourn"]
[EventRounds "14"]
[EventCountry "BRA"]
[SourceTitle "EXT 2012"]
[Source "ChessBase"]
[SourceDate "2011.11.24"]
[SourceVersion "1"]
[SourceVersionDate "2011.11.24"]
[SourceQuality "1"]

1. e4 c5 2. Nc3 Nc6 3. f4 e6 4. Nf3 Nge7 5. d4 Nxd4 6. Nxd4 cxd4 7. Qxd4 Nc6 8. Qf2 d5 9. exd5 exd5 10. Bd3 Be7 11. 0-0 0-0 12. Qf3 Nb4 13. Rd1 Qb6+ 14. Kh1 d4 15. Nd5 Nxd5 16. Qxd5 Bg4 17. Rf1 Be6 18. Qh5 g6 19. Qe2 f5 20. Re1 Rf6 21. Bc4 Bxc4 22. Qxc4+ Kf8 23. Re5 Rd8 24. b3 Qc6 25. Qe2 Qc3 26. Rb1 d3 27. cxd3 Qxd3 28. Qxd3 Rxd3 29. Bb2 Rfd6 30. Kg1 Rd2 31. Kf1 Kf7 32. Re2 Rd1+ 33. Re1 Rxb1 34. Rxb1 Rd2 35. Bc1 Rxa2 36. Be3 Ke6 37. Rc1 Bd6 38. g3 Kd5 39. Bf2 a6 40. Rd1+ Kc6 41. Rc1+ Kb5 42. h4 a5 43. Rd1 Bc5 44. Bxc5 Kxc5 45. Rd7 b5 46. Rxh7 Rb2 47. h5 gxh5 48. Rxh5 Rxb3 49. Rxf5+ Kd4 50. Kf2 a4 51. Rf8 a3 52. Rd8+ Ke4 53. Re8+ Kf5 54. Re5+ Kg6 55. Re1 b4 56. g4 a2 57. Ra1 Rb2+ 58. Ke3 b3 0-1

[Event "Araruama zt 2.4 (Women)"]
[Site "Araruama"]
[Date "2011.06.19"]
[Round "2"]
[White "Chang, Suzana"]
[Black "Delai, Paula Fernanda"]
[Result "1/2-1/2"]
[WhiteElo "2014"]
[BlackElo "2030"]
[PlyCount "75"]
[EventDate "2011.06.18"]
[EventType "tourn"]
[EventRounds "14"]
[EventCountry "BRA"]
[SourceTitle "EXT 2012"]
[Source "ChessBase"]
[SourceDate "2011.11.24"]
[SourceVersion "1"]
[SourceVersionDate "2011.11.24"]
[SourceQuality "1"]

1. d4 Nf6 2. c4 g6 3. Nc3 Bg7 4. e4 d6 5. Be2 0-0 6. Nf3 e5 7. 0-0 exd4 8. Nxd4 Re8 9. f3 c6 10. Nc2 Na6 11. Be3 d5 12. cxd5 cxd5 13. Bd4 dxe4 14. fxe4 Nxe4 15. Bxg7 Qxd1 16. Raxd1 Kxg7 17. Nxe4 Rxe4 18. Bf3 Re7 19. Rd8 Rb8 20. Nd4 Be6 21. Nxe6+ fxe6 22. Rd6 Rbe8 23. Bxb7 Rxb7 24. Rxa6 Ree7 25. b3 Rbc7 26. Re1 Kf6 27. Re2 Kf5 28. Kf2 Rc3 29. b4 Rc4 30. a3 Rc3 31. Re3 Rc2+ 32. Kf3 Rb2 33. Ra5+ Kf6 34. h4 h5 35. b5 e5 36. a4 Rd7 37. b6 axb6 38. Raxe5 1/2-1/2

[Event "Rio de Janeiro Circuito Pre II (Women)"]
[Site "Rio de Janeiro"]
[Date "2011.05.29"]
[Round "4.3"]
[White "Rodrigues, Fernanda dos Santos"]
[Black "Delai, Paula Fernanda"]
[Result "1-0"]
[WhiteElo "1921"]
[BlackElo "2030"]
[PlyCount "93"]
[EventDate "2011.05.27"]
[EventType "swiss"]
[EventRounds "6"]
[EventCountry "BRA"]
[SourceTitle "EXT 2022"]
[Source "ChessBase"]
[SourceDate "2021.10.06"]
[SourceVersion "1"]
[SourceVersionDate "2021.10.06"]
[SourceQuality "1"]

1. d4 f5 2. c4 Nf6 3. Nc3 g6 4. Nf3 Bg7 5. Bf4 d6 6. h3 0-0 7. e3 c6 8. Be2 Qe8 9. Qc2 Nbd7 10. Bh2 e5 11. 0-0-0 e4 12. Nd2 Qe7 13. Kb1 a6 14. a4 Ne8 15. g4 fxg4 16. Ndxe4 gxh3 17. Bg3 Ndf6 18. Bh4 Bf5 19. Bd3 Qd7 20. Nxf6+ Bxf6 21. Bxf5 Qxf5 22. Qxf5 gxf5 23. Rxh3 Bxh4 24. Rxh4 Rf7 25. Ne2 Nf6 26. Ng3 Ne4 27. Nxe4 fxe4 28. Rxe4 Rxf2 29. Re7 Rf7 30. Re6 Rd8 31. d5 c5 32. a5 b6 33. axb6 Rb7 34. Rg1+ Kf8 35. Rf6+ Rf7 36. Rh6 Rb7 37. e4 Rxb6 38. Rxh7 Rdb8 39. Rg2 Rb4 40. Rh6 R8b6 41. Rf6+ Ke7 42. Re6+ Kf7 43. Rf2+ Kg7 44. Re7+ Kg8 45. Re6 Rxc4 46. Rg6+ Kh7 47. Rg4 1-0

[Event "Rio de Janeiro Circuito Pre II (Women)"]
[Site "Rio de Janeiro"]
[Date "2011.05.27"]
[Round "2.6"]
[White "Delai, Paula Fernanda"]
[Black "Rothebarth, Ana Vitoria de Paul"]
[Result "1-0"]
[WhiteElo "2030"]
[BlackElo "2010"]
[PlyCount "131"]
[EventDate "2011.05.27"]
[EventType "swiss"]
[EventRounds "6"]
[EventCountry "BRA"]
[SourceTitle "EXT 2022"]
[Source "ChessBase"]
[SourceDate "2021.10.06"]
[SourceVersion "1"]
[SourceVersionDate "2021.10.06"]
[SourceQuality "1"]

1. e4 e5 2. Nf3 Nc6 3. Bc4 Bc5 4. d3 Nf6 5. c3 d6 6. 0-0 0-0 7. h3 a6 8. Bb3 Ne7 9. Nbd2 Ng6 10. Re1 Ba7 11. Nf1 Qe7 12. Be3 Bxe3 13. Nxe3 Nf4 14. Qd2 Bd7 15. Bc2 Rad8 16. d4 N6h5 17. Kh2 Qf6 18. Ng1 Qe7 19. g3 Ng6 20. Qe2 Nf6 21. Qf3 Rfe8 22. Ne2 Bc8 23. d5 Qf8 24. Ba4 Bd7 25. Bxd7 Nxd7 26. Rad1 Qe7 27. c4 Qf6 28. Qxf6 Nxf6 29. Nc3 Nf8 30. b4 N8d7 31. Kg2 Ra8 32. a3 g6 33. Kf3 Kg7 34. Ke2 Nh5 35. Kd3 Rf8 36. Ne2 a5 37. Ra1 Ra7 38. Nc3 Rc8 39. Nb5 Raa8 40. Nc2 f5 41. Kc3 Nhf6 42. f3 Ne8 43. Rad1 Kf6 44. exf5 gxf5 45. f4 Nb6 46. fxe5+ dxe5 47. c5 axb4+ 48. axb4 c6 49. dxc6 bxc6 50. Nd6 Nd5+ 51. Rxd5 cxd5 52. Nxc8 Rxc8 53. Ra1 Nc7 54. Kd3 Ke6 55. Ra7 h6 56. Rb7 Kd7 57. b5 Kd8 58. Nb4 Ra8 59. b6 Ne6 60. Nc6+ Kc8 61. Rh7 Nxc5+ 62. Ke2 Ra2+ 63. Kf3 Ra3+ 64. Ke2 Ra2+ 65. Kd1 Rb2 66. Rc7# 1-0

[Event "Sao Paulo pre olympic op (Women)"]
[Site "Sao Paulo"]
[Date "2011.04.29"]
[Round "2"]
[White "Correa, Jaqueline Pamplona"]
[Black "Delai, Paula Fernanda"]
[Result "0-1"]
[WhiteElo "1962"]
[BlackElo "2030"]
[PlyCount "68"]
[EventDate "2011.04.29"]
[EventType "swiss"]
[EventRounds "6"]
[EventCountry "BRA"]
[SourceTitle "EXT 2012"]
[Source "ChessBase"]
[SourceDate "2011.11.24"]
[SourceVersion "1"]
[SourceVersionDate "2011.11.24"]
[SourceQuality "1"]

1. e4 c5 2. Nf3 g6 3. d4 Bg7 4. Nc3 cxd4 5. Nxd4 Nc6 6. Be3 Nf6 7. Bc4 0-0 8. f3 d6 9. Qd2 Bd7 10. 0-0-0 Rc8 11. Bb3 Ne5 12. h4 h5 13. Bg5 Rc5 14. Kb1 b5 15. Rhe1 a5 16. a3 b4 17. axb4 axb4 18. Na4 Ra5 19. Qxb4 Qa8 20. Bd2 Ra7 21. f4 Nc6 22. Nxc6 Bxc6 23. Be3 Rb8 24. Qc4 Bxa4 25. Qxf7+ Kh7 26. Bxa7 Bxb3 27. cxb3 Qxa7 28. e5 Ng4 29. Rxd6 Qf2 30. Qxg6+ Kg8 31. Rdd1 Qxf4 32. Qe6+ Kh8 33. Qxe7 Qf5+ 34. Kc1 Rc8+ 0-1

[Event "Sao Paulo Sudeste op"]
[Site "Sao Paulo"]
[Date "2011.??.??"]
[Round "5"]
[White "Delai, Paula Fernanda"]
[Black "Gerbelli Neto, Eduardo"]
[Result "0-1"]
[WhiteElo "2026"]
[BlackElo "2175"]
[PlyCount "66"]
[EventDate "2011.09.22"]
[EventType "swiss"]
[EventRounds "7"]
[EventCountry "BRA"]
[SourceTitle "CBM 144 Extra"]
[Source "ChessBase"]
[SourceDate "2011.10.28"]
[SourceVersion "1"]
[SourceVersionDate "2011.10.28"]
[SourceQuality "1"]

1. e4 e5 2. Nf3 Nc6 3. Bc4 Nf6 4. d3 Be7 5. 0-0 0-0 6. Re1 d6 7. c3 Na5 8. Bb5 a6 9. Ba4 b5 10. Bc2 c5 11. Nbd2 Nc6 12. Nf1 Re8 13. h3 Bf8 14. Bg5 h6 15. Bh4 g5 16. Bg3 Bg7 17. Ne3 Qc7 18. Nf5 Bxf5 19. exf5 Qd7 20. d4 cxd4 21. cxd4 e4 22. d5 exf3 23. dxc6 Rxe1+ 24. Qxe1 Qxc6 25. Rc1 Rc8 26. gxf3 Kh8 27. Qe7 Ng8 28. Qxf7 Qxf3 29. f6 Qxf6 30. Qd7 Rc4 31. Kh2 h5 32. Qe8 h4 33. Qh5+ Bh6 0-1

[Event "Sao Paulo Sudeste op"]
[Site "Sao Paulo"]
[Date "2011.??.??"]
[Round "3"]
[White "Delai, Paula Fernanda"]
[Black "Santiago, Yago de Moura"]
[Result "0-1"]
[WhiteElo "2026"]
[BlackElo "2314"]
[PlyCount "64"]
[EventDate "2011.09.22"]
[EventType "swiss"]
[EventRounds "7"]
[EventCountry "BRA"]
[SourceTitle "CBM 144 Extra"]
[Source "ChessBase"]
[SourceDate "2011.10.28"]
[SourceVersion "1"]
[SourceVersionDate "2011.10.28"]
[SourceQuality "1"]

1. e4 c5 2. Nf3 d6 3. d4 cxd4 4. Nxd4 Nf6 5. Nc3 a6 6. h3 e6 7. g4 Nc6 8. Bg2 Qc7 9. Nde2 b5 10. Be3 Nd7 11. Ng3 Nce5 12. 0-0 Bb7 13. a3 Rc8 14. Qe2 Nc4 15. Bc1 Be7 16. Nh5 g6 17. Nf4 Bf6 18. Nd1 0-0 19. Rb1 Rfe8 20. b3 Ncb6 21. Ne3 d5 22. e5 Bxe5 23. Nd3 Bg7 24. Bb2 Bxb2 25. Rxb2 d4 26. Bxb7 Qxb7 27. Ng2 e5 28. Re1 e4 29. Ndf4 Ne5 30. Kh1 Nf3 31. Rd1 Qb8 32. h4 Nd5 0-1

[Event "BRA-ch (Women)"]
[Site "Catanduva"]
[Date "2010.10.12"]
[Round "7"]
[White "Delai, Paula Fernanda"]
[Black "Coelho, Tatiane Cristina"]
[Result "1-0"]
[WhiteElo "2044"]
[BlackElo "1846"]
[PlyCount "79"]
[EventDate "2010.10.09"]
[EventType "swiss"]
[EventRounds "7"]
[EventCountry "BRA"]
[SourceTitle "EXT 2011"]
[Source "ChessBase"]
[SourceDate "2010.11.26"]
[SourceVersion "1"]
[SourceVersionDate "2010.11.26"]
[SourceQuality "1"]

1. e4 d5 2. exd5 Nf6 3. c4 e6 4. dxe6 Bxe6 5. d4 Bb4+ 6. Bd2 Qe7 7. Qe2 Nc6 8. Nf3 Bxd2+ 9. Nbxd2 Nb4 10. Kd1 Bf5 11. Qxe7+ Kxe7 12. a3 Na6 13. h3 Rhe8 14. Nh4 Be4 15. f3 Bc6 16. Nf5+ Kf8 17. Bd3 g6 18. Ng3 Bd7 19. Re1 c6 20. Kc2 Nc7 21. Nde4 Nxe4 22. Nxe4 Re6 23. Nc5 Rxe1 24. Nxd7+ Ke7 25. Rxe1+ Kxd7 26. Kc3 Kd6 27. f4 f5 28. Re5 Ne6 29. g3 b6 30. b4 h5 31. d5 Nf8 32. dxc6 a6 33. Be2 Ra7 34. Bf3 Ne6 35. Bd5 Nd8 36. Re8 Nf7 37. Re6+ Kc7 38. Re7+ Kb8 39. Rxa7 Kxa7 40. Bxf7 1-0

[Event "BRA-ch (Women)"]
[Site "Catanduva"]
[Date "2010.10.11"]
[Round "5"]
[White "Delai, Paula Fernanda"]
[Black "Garcia, Liria Caetano"]
[Result "0-1"]
[WhiteElo "2044"]
[BlackElo "1908"]
[PlyCount "120"]
[EventDate "2010.10.09"]
[EventType "swiss"]
[EventRounds "7"]
[EventCountry "BRA"]
[SourceTitle "EXT 2011"]
[Source "ChessBase"]
[SourceDate "2010.11.26"]
[SourceVersion "1"]
[SourceVersionDate "2010.11.26"]
[SourceQuality "1"]

1. e4 c6 2. f4 d5 3. e5 g6 4. Be2 h5 5. d3 Nh6 6. Be3 Na6 7. Qd2 Nc7 8. c3 Bg4 9. Nf3 Nf5 10. Na3 h4 11. Nc2 Ne6 12. Ncd4 Nexd4 13. Nxd4 Bxe2 14. Qxe2 Nxd4 15. Bxd4 e6 16. Qf2 Qa5 17. Be3 c5 18. 0-0 Be7 19. a3 Qb5 20. Rfd1 a5 21. a4 Qc6 22. Qf3 0-0 23. Bf2 Kg7 24. c4 Rad8 25. Be1 Qb6 26. Qe2 Qa6 27. Qc2 Rd7 28. b3 Rfd8 29. Bf2 Qc6 30. cxd5 Rxd5 31. Rd2 Rh8 32. d4 h3 33. gxh3 Rxh3 34. Rc1 Rf3 35. Bg3 Qb6 36. Kg2 Rxb3 37. Bf2 Rb4 38. dxc5 Qc6 39. Kg3 Rxa4 40. Rxd5 exd5 41. Qb2 Qa6 42. Rc3 Rb4 43. Qc2 Rc4 44. Qb2 a4 45. Rxc4 dxc4 46. Bd4 a3 47. Qc3 a2 48. e6+ f6 49. Qa1 Qa4 50. Kf3 Qb3+ 51. Ke4 Qb1+ 52. Kd5 Qb3 53. Qc3 a1Q 54. Qxa1 c3+ 55. Ke4 c2 56. Be3 Qc4+ 57. Kf3 Bxc5 58. Bxc5 Qxc5 59. e7 Kf7 60. Ke2 c1Q 0-1

[Event "BRA-ch (Women)"]
[Site "Catanduva"]
[Date "2010.10.09"]
[Round "1"]
[White "Delai, Paula Fernanda"]
[Black "Reis, Virginia Lagrange M"]
[Result "1-0"]
[WhiteElo "2044"]
[BlackElo "1808"]
[PlyCount "91"]
[EventDate "2010.10.09"]
[EventType "swiss"]
[EventRounds "7"]
[EventCountry "BRA"]
[SourceTitle "EXT 2011"]
[Source "ChessBase"]
[SourceDate "2010.11.26"]
[SourceVersion "1"]
[SourceVersionDate "2010.11.26"]
[SourceQuality "1"]

1. e4 e5 2. Nf3 Nc6 3. d4 exd4 4. Nxd4 Bc5 5. Be3 Bxd4 6. Bxd4 Nxd4 7. Qxd4 Qf6 8. e5 Qb6 9. Qc3 Ne7 10. Bc4 0-0 11. Nd2 d5 12. exd6 Qxd6 13. 0-0-0 Be6 14. Bxe6 Qxe6 15. Rhe1 Nd5 16. Qc4 Qc6 17. Qxc6 bxc6 18. Nf3 Rfe8 19. Ne5 Ne7 20. c4 f6 21. Nd7 Ng6 22. Kc2 Kf7 23. Kc3 Nf4 24. g3 Ne6 25. Rd2 Re7 26. b4 a5 27. a3 axb4+ 28. Kxb4 Ke8 29. f4 Rd8 30. f5 c5+ 31. Kc3 Rdxd7 32. Rxe6 Kf7 33. Rxd7 Rxd7 34. Rc6 Re7 35. Rxc5 Re3+ 36. Kb4 Re7 37. a4 Ke8 38. a5 Kd8 39. a6 Kc8 40. Rb5 c6 41. Rb6 Rc7 42. Kc5 Kd7 43. Rb8 g6 44. fxg6 hxg6 45. Kb6 c5 46. Rb7 1-0